002490000a220007300045001000030000002450072000303000051001027730022001531 aBlack, David Alan (1952-)10aThe discourse structure of Philippians : A study in textlinguistics aVol. 37, Num. 1 (Enero, 1995), Páginas 16-490 tNovum Testamentum